[Event "HUN-chT 1819"]
[Site "Hungary"]
[Date "2018.12.02"]
[Round "3.3"]
[White "Ress, Tamas"]
[Black "Krstulovic, Alex"]
[Result "1/2-1/2"]
[WhiteElo "2256"]
[BlackElo "2309"]
[PlyCount "54"]
[EventDate "2018.11.17"]
[EventType "team-tourn"]
[EventRounds "9"]
[EventCountry "HUN"]
[SourceTitle "CBM 187 Extra"]
[Source "ChessBase"]
[SourceDate "2018.11.04"]
[SourceVersion "1"]
[SourceVersionDate "2018.11.04"]
[SourceQuality "1"]
[WhiteTeam "Penzugyor"]
[BlackTeam "Paks"]
[WhiteTeamCountry "HUN"]
[BlackTeamCountry "HUN"]

1. d4 d5 2. c4 c6 3. Nc3 Nf6 4. cxd5 cxd5 5. Nf3 Nc6 6. Bf4 Bf5 7. e3 e6 8. Bd3 Bxd3 9. Qxd3 Be7 10. 0-0 Nh5 11. Be5 f6 12. Bf4 Nxf4 13. exf4 g6 14. Rfe1 Kf7 15. Re3 Re8 16. Rae1 Bb4 17. f5 gxf5 18. Nh4 Qd7 19. Qe2 Nxd4 20. Qh5+ Ke7 21. Nxf5+ Nxf5 22. Qxf5 e5 23. Nxd5+ Qxd5 24. Rxe5+ Qxe5 25. Rxe5+ fxe5 26. Qxe5+ Kd7 27. Qd5+ Bd6 1/2-1/2

[Event "HUN-chT2 Maroczy 1819"]
[Site "Hungary"]
[Date "2018.03.31"]
[Round "10.3"]
[White "Amstadt, Aron"]
[Black "Ress, Tamas"]
[Result "1/2-1/2"]
[WhiteElo "2340"]
[BlackElo "2256"]
[PlyCount "89"]
[EventDate "2018.09.23"]
[EventType "team-tourn"]
[EventRounds "11"]
[EventCountry "HUN"]
[SourceTitle "EXT 2021"]
[Source "ChessBase"]
[SourceDate "2020.10.23"]
[SourceVersion "1"]
[SourceVersionDate "2020.10.23"]
[SourceQuality "1"]
[WhiteTeam "Dunaharaszti II"]
[BlackTeam "Penzugyor II"]
[WhiteTeamCountry "HUN"]
[BlackTeamCountry "HUN"]

1. Nf3 f5 2. d3 d5 3. e4 dxe4 4. dxe4 Qxd1+ 5. Kxd1 fxe4 6. Ng5 Nc6 7. Nxe4 Bf5 8. Nbc3 0-0-0+ 9. Bd2 e6 10. Bb5 Ne5 11. Re1 c6 12. Bf1 h6 13. Kc1 Nf6 14. f3 Bb4 15. a3 Ba5 16. Nc5 Nfd7 17. Nxd7 Nxd7 18. Ne4 Bc7 19. h4 Rhe8 20. Bc3 Bxe4 21. Rxe4 e5 22. Rg4 Nf6 23. Rxg7 Nd5 24. Bd3 e4 25. fxe4 Nxc3 26. bxc3 Be5 27. Rh7 Rg8 28. Rb1 b5 29. Kb2 Rxg2 30. Kb3 Bg7 31. Rf1 Rd7 32. e5 Kc7 33. Re1 a5 34. a4 Kb6 35. h5 Re7 36. e6 Rg3 37. Re5 bxa4+ 38. Kxa4 Bxe5 39. Rxe7 Re3 40. Rh7 Bf4 41. Rf7 Bg5 42. Rf5 Rxe6 43. Rxa5 Bf6 44. Ra6+ Kb7 45. Ra5 1/2-1/2

[Event "Oberliga Ost-B 1718"]
[Site "Germany"]
[Date "2018.02.03"]
[Round "6.5"]
[White "Ress, Tamas"]
[Black "Chandler, Patrick"]
[Result "1/2-1/2"]
[WhiteElo "2314"]
[BlackElo "2211"]
[PlyCount "94"]
[EventDate "2017.10.22"]
[EventType "team-tourn"]
[EventRounds "11"]
[EventCountry "GER"]
[SourceTitle "EXT 2019"]
[Source "ChessBase"]
[SourceDate "2018.10.10"]
[SourceVersion "1"]
[SourceVersionDate "2018.10.10"]
[SourceQuality "1"]
[WhiteTeam "Wiesbaden"]
[BlackTeam "Frankfurt Koenig Nied"]
[WhiteTeamCountry "GER"]
[BlackTeamCountry "GER"]

1. d4 Nf6 2. c4 e6 3. Bg5 h6 4. Bh4 d5 5. Nc3 c6 6. cxd5 exd5 7. Qc2 Be7 8. e3 Be6 9. Bd3 Nbd7 10. Nge2 g5 11. Bg3 Nf8 12. f3 Bd6 13. Bf2 Rg8 14. e4 Be7 15. 0-0-0 Qa5 16. e5 N6d7 17. h4 b5 18. hxg5 hxg5 19. f4 gxf4 20. Nxf4 Bg5 21. Be3 Nb6 22. Kb1 b4 23. Nce2 Rc8 24. Rdf1 Nc4 25. Bxc4 dxc4 26. Nxe6 Nxe6 27. Bxg5 Nxg5 28. Qxc4 Qd5 29. Qxd5 cxd5 30. Rc1 Kd7 31. Nf4 Ne4 32. Rxc8 Rxc8 33. Nxd5 Nd2+ 34. Ka1 Rc4 35. b3 Rxd4 36. Ne3 Re4 37. Nc2 Rxe5 38. Rd1 Rd5 39. Kb2 Rd6 40. Kc1 Ne4 41. Nxb4 Rxd1+ 42. Kxd1 a5 43. Nc2 Nc3+ 44. Kd2 Nxa2 45. Kd3 Nc1+ 46. Kc4 Kd6 47. Nd4 Ke5 1/2-1/2

[Event "HUN-chT2 Charousek 1718"]
[Site "Hungary"]
[Date "2017.12.17"]
[Round "4.2"]
[White "Ress, Tamas"]
[Black "Gyurkovics, Bence"]
[Result "1/2-1/2"]
[WhiteElo "2296"]
[BlackElo "2257"]
[PlyCount "79"]
[EventDate "2017.10.29"]
[EventType "team-tourn"]
[EventRounds "9"]
[EventCountry "HUN"]
[SourceTitle "EXT 2020"]
[Source "ChessBase"]
[SourceDate "2019.10.17"]
[SourceVersion "1"]
[SourceVersionDate "2019.10.17"]
[SourceQuality "1"]
[WhiteTeam "Penzugyor"]
[BlackTeam "Gyor Szechenyi"]
[WhiteTeamCountry "HUN"]
[BlackTeamCountry "HUN"]

1. d4 Nf6 2. c4 e6 3. Nf3 d5 4. Nc3 Bb4 5. cxd5 exd5 6. Bg5 h6 7. Bh4 c6 8. e3 Nbd7 9. Qc2 0-0 10. Bd3 Re8 11. 0-0 Be7 12. Bg3 Nf8 13. Rab1 a5 14. a3 Nh5 15. b4 Nxg3 16. hxg3 Bd6 17. Na4 axb4 18. axb4 Bd7 19. Nc5 b6 20. Nxd7 Qxd7 21. b5 c5 22. dxc5 Bxc5 23. Rfd1 Qe7 24. Qb2 Nd7 25. Be2 Nf6 26. Nd4 Qe5 27. Bf3 Ra4 28. Nc6 Qg5 29. Ra1 Rea8 30. Rxa4 Rxa4 31. Qc2 Ra3 32. Nd4 Qe5 33. Nb3 Bf8 34. Nd4 Bc5 35. Nc6 Qe6 36. Qb2 Ne4 37. Nd4 Qf6 38. Ra1 Bxd4 39. exd4 Rd3 40. Qc2 1/2-1/2

[Event "Budapest Karacsonyi op 8th"]
[Site "Budapest"]
[Date "2016.12.30"]
[Round "6"]
[White "Ress, Tamas"]
[Black "Aczel, Gergely"]
[Result "0-1"]
[WhiteElo "2289"]
[BlackElo "2541"]
[PlyCount "80"]
[EventDate "2016.12.27"]
[EventType "swiss"]
[EventRounds "7"]
[EventCountry "HUN"]
[SourceTitle "CBM 176 Extra"]
[Source "ChessBase"]
[SourceDate "2017.03.02"]
[SourceVersion "1"]
[SourceVersionDate "2017.03.02"]
[SourceQuality "1"]

1. e4 c5 2. Nc3 a6 3. g3 b5 4. Bg2 Bb7 5. f4 e6 6. d3 d5 7. Qe2 d4 8. e5 Nc6 9. Ne4 Qd7 10. Nf3 h5 11. h3 Be7 12. a4 Nb4 13. 0-0 Nh6 14. axb5 axb5 15. Bd2 Nf5 16. Rxa8+ Bxa8 17. g4 hxg4 18. hxg4 Ne3 19. Bxe3 dxe3 20. Ra1 Bc6 21. Nfg5 f6 22. c3 fxg5 23. cxb4 gxf4 24. bxc5 0-0 25. g5 Qd4 26. Nf6+ Bxf6 27. gxf6 f3 28. Bxf3 Bxf3 29. Qxf3 e2+ 30. Kg2 Qxe5 31. f7+ Rxf7 32. Ra8+ Kh7 33. Qh3+ Kg6 34. Qg4+ Kf6 35. Qh4+ g5 36. Qh6+ Kf5 37. Qh3+ Kg6 38. Rh8 e1N+ 39. Kh1 Qd5+ 40. Kg1 Qxc5+ 0-1

[Event "Budapest Karacsonyi op 8th"]
[Site "Budapest"]
[Date "2016.12.28"]
[Round "3"]
[White "Karacsonyi, Gellert"]
[Black "Ress, Tamas"]
[Result "1/2-1/2"]
[WhiteElo "2027"]
[BlackElo "2289"]
[PlyCount "88"]
[EventDate "2016.12.27"]
[EventType "swiss"]
[EventRounds "7"]
[EventCountry "HUN"]
[SourceTitle "CBM 176 Extra"]
[Source "ChessBase"]
[SourceDate "2017.03.02"]
[SourceVersion "1"]
[SourceVersionDate "2017.03.02"]
[SourceQuality "1"]

1. e4 c5 2. Nf3 Nc6 3. d4 cxd4 4. Nxd4 Nf6 5. Nc3 Qb6 6. Nxc6 dxc6 7. Be3 Qa5 8. f3 e5 9. Bc4 Bb4 10. Qd3 0-0 11. a3 Rd8 12. Bxf7+ Kxf7 13. Qc4+ Nd5 14. exd5 Bxc3+ 15. Qxc3 Qxc3+ 16. bxc3 cxd5 17. 0-0 Bf5 18. f4 e4 19. Kf2 Rac8 20. Bd4 Rd6 21. Ke3 Rdc6 22. Rfb1 b6 23. Rb3 Rg6 24. g3 Rh6 25. a4 Rxh2 26. a5 Bg4 27. f5 g5 28. fxg6+ Kxg6 29. axb6 Rf8 30. Bc5 Rf3+ 31. Kd4 axb6 32. Rxb6+ Kf5 33. Kxd5 Rxg3 34. Bd4 Bf3 35. Rf6+ Kg4 36. Be3 Rxc2 37. Kd4 h5 38. c4 Kh3 39. c5 Rg8 40. Rc1 Rgg2 41. c6 Rxc1 42. Bxc1 Rc2 43. Bf4 Kg4 44. c7 e3 1/2-1/2

[Event "Oberliga Ost-B 1617"]
[Site "Germany"]
[Date "2016.12.04"]
[Round "4.5"]
[White "Rolle, Eric"]
[Black "Ress, Tamas"]
[Result "0-1"]
[WhiteElo "2195"]
[BlackElo "2305"]
[PlyCount "72"]
[EventDate "2016.10.16"]
[EventType "team-tourn"]
[EventRounds "11"]
[EventCountry "GER"]
[SourceTitle "EXT 2018"]
[Source "ChessBase"]
[SourceDate "2017.10.13"]
[SourceVersion "1"]
[SourceVersionDate "2017.10.13"]
[SourceQuality "1"]
[WhiteTeam "Marburg"]
[BlackTeam "Wiesbaden"]
[WhiteTeamCountry "GER"]
[BlackTeamCountry "GER"]

1. Nf3 c5 2. g3 g6 3. Bg2 Bg7 4. 0-0 Nc6 5. e4 e6 6. Re1 Nge7 7. d3 0-0 8. c3 d5 9. e5 b5 10. Be3 c4 11. Bc5 cxd3 12. Qxd3 Qc7 13. Bd6 Qb6 14. Nbd2 Rd8 15. a4 bxa4 16. Rxa4 Nf5 17. Ba3 a5 18. g4 Ba6 19. Qc2 Nfe7 20. c4 Rac8 21. Bd6 dxc4 22. Nxc4 Bxc4 23. Rxc4 Nb4 24. Bxb4 Rxc4 25. Qxc4 axb4 26. h3 Nc6 27. Qf4 Qa5 28. Qg5 h6 29. Qe3 Rd5 30. Rc1 Nxe5 31. Rc8+ Kh7 32. Nd2 Rd3 33. Qf4 Qa1+ 34. Nf1 Qxb2 35. Be4 Qd4 36. Ng3 Rxg3+ 0-1

[Event "Oberliga Ost-B 1516"]
[Site "Germany"]
[Date "2015.09.20"]
[Round "1.5"]
[White "Ress, Tamas"]
[Black "Felgendreher, Heiko"]
[Result "1-0"]
[WhiteElo "2280"]
[BlackElo "2231"]
[PlyCount "65"]
[EventDate "2015.09.20"]
[EventType "team-tourn"]
[EventRounds "11"]
[EventCountry "GER"]
[SourceTitle "EXT 2017"]
[Source "ChessBase"]
[SourceDate "2016.10.25"]
[SourceVersion "1"]
[SourceVersionDate "2016.10.25"]
[SourceQuality "1"]
[WhiteTeam "Wiesbaden"]
[BlackTeam "Moerlenbach"]
[WhiteTeamCountry "GER"]
[BlackTeamCountry "GER"]

1. d4 Nf6 2. Bg5 d5 3. Bxf6 exf6 4. e3 Bd6 5. c4 dxc4 6. Bxc4 0-0 7. Nc3 Nd7 8. Nf3 f5 9. 0-0 c6 10. Qc2 Nf6 11. Rfd1 Qe7 12. d5 b5 13. Bd3 b4 14. Ne2 Nxd5 15. Bxf5 Bxf5 16. Qxf5 Rac8 17. Ned4 Nf6 18. Qd3 Bc5 19. Rac1 Bxd4 20. Nxd4 Ng4 21. Nf5 Qf6 22. Qe4 Nxf2 23. Kxf2 g6 24. Rd6 Qxf5+ 25. Qxf5 gxf5 26. Rcxc6 Rfd8 27. Rxd8+ Rxd8 28. Ke2 Rd5 29. Ra6 Rc5 30. b3 Rc7 31. Ra4 Rb7 32. Ra5 Rc7 33. Kf3 1-0

[Event "Wiesbaden op 27th"]
[Site "Wiesbaden"]
[Date "2015.08.28"]
[Round "2"]
[White "Kobs, Stephan"]
[Black "Ress, Tamas"]
[Result "0-1"]
[WhiteElo "1920"]
[BlackElo "2280"]
[PlyCount "72"]
[EventDate "2015.08.27"]
[EventType "swiss"]
[EventRounds "7"]
[EventCountry "GER"]
[SourceTitle "EXT 2016"]
[Source "ChessBase"]
[SourceDate "2015.10.08"]
[SourceVersion "1"]
[SourceVersionDate "2015.10.08"]
[SourceQuality "1"]

1. e4 c5 2. Nf3 Nc6 3. d4 cxd4 4. Nxd4 Qb6 5. Nb3 Nf6 6. Nc3 e6 7. Be3 Qc7 8. Be2 a6 9. 0-0 b5 10. f3 d6 11. g4 Be7 12. g5 Nd7 13. f4 b4 14. Na4 Bb7 15. Rc1 0-0 16. c4 Na5 17. Bd3 Nxb3 18. axb3 f5 19. gxf6 Nxf6 20. Qf3 Qc6 21. Qh3 e5 22. Nb6 Rae8 23. Nd5 exf4 24. Bxf4 Bc8 25. Qg2 Qd7 26. Nb6 Qa7 27. Be3 Ng4 28. Bd4 Bf6 29. Rxf6 Rxf6 30. c5 Ne5 31. Nxc8 Rxc8 32. Bc4+ Kh8 33. Bxe5 dxe5 34. Qe2 Qxc5+ 35. Kh1 Rcf8 36. Rd1 a5 0-1

[Event "HUN-chT2 Charousek 1314"]
[Site "Hungary"]
[Date "2014.04.13"]
[Round "10"]
[White "Trbojevic, Mladen"]
[Black "Ress, Tamas"]
[Result "1-0"]
[WhiteElo "2358"]
[BlackElo "2302"]
[PlyCount "163"]
[EventDate "2013.09.08"]
[EventType "team-tourn"]
[EventRounds "11"]
[EventCountry "HUN"]
[SourceTitle "EXT 2016"]
[Source "ChessBase"]
[SourceDate "2015.10.08"]
[SourceVersion "1"]
[SourceVersionDate "2015.10.08"]
[SourceQuality "1"]
[WhiteTeam "Szombathely Haladas II"]
[BlackTeam "Gyor Elektromos"]
[WhiteTeamCountry "HUN"]
[BlackTeamCountry "HUN"]

1. e4 c5 2. c3 g6 3. d4 cxd4 4. cxd4 d5 5. e5 Nc6 6. Nc3 Bg7 7. Bb5 Nh6 8. Nge2 0-0 9. 0-0 a6 10. Bxc6 bxc6 11. Na4 a5 12. Nc5 Nf5 13. Bd2 Qb6 14. Qc2 Ba6 15. Bc3 Ra7 16. Rfe1 f6 17. exf6 Bxf6 18. Rad1 Bc8 19. Nf4 Ng7 20. Nfd3 Bg4 21. f3 Bf5 22. Kh1 Re8 23. Qa4 Qb5 24. g4 Qxa4 25. Nxa4 Bc8 26. Ne5 Bxe5 27. Rxe5 Ne6 28. Kg2 Kf7 29. Kg3 Nf8 30. Nc5 Nd7 31. Nxd7 Bxd7 32. h4 e6 33. h5 Rh8 34. Rh1 Kg7 35. Rh2 Raa8 36. Bd2 a4 37. Bb4 Kf6 38. f4 h6 39. hxg6 Kxg6 40. Reh5 Rh7 41. Bd6 Rg8 42. Be5 Rc8 43. g5 Kf5 44. gxh6+ Kg6 45. Rg5+ Kf7 46. Rg7+ Rxg7+ 47. hxg7 Rg8 48. Rh8 Bc8 49. Kf3 Ba6 50. Ke3 Bc4 51. a3 Bb3 52. Kd2 Bc4 53. Kc3 Bb3 54. Rh6 Rc8 55. Kb4 Bc2 56. Rh2 Bd1 57. Rf2 Bb3 58. Kc5 Rg8 59. Kxc6 Rc8+ 60. Kd7 Rc2 61. Rxc2 Bxc2 62. g8Q+ Kxg8 63. Kxe6 Be4 64. f5 Kf8 65. f6 Bg6 66. Kxd5 Ke8 67. Kd6 Bf7 68. d5 Kd8 69. Kc5 Kd7 70. Kb4 Bxd5 71. Kxa4 Kc6 72. Kb4 Kb6 73. a4 Bf7 74. Bd4+ Kc6 75. a5 Be6 76. Kc3 Bf7 77. Kd3 Bg6+ 78. Ke3 Kd5 79. a6 Kc6 80. Kf4 Bf7 81. Kg5 Kd6 82. Kh6 1-0

[Event "Budapest-chT1 Lilienthal 1314"]
[Site "Budapest"]
[Date "2014.01.19"]
[Round "6"]
[White "Ress, Tamas"]
[Black "Juhasz, Kristof"]
[Result "1/2-1/2"]
[WhiteElo "2302"]
[BlackElo "2315"]
[PlyCount "116"]
[EventDate "2013.09.29"]
[EventType "team-tourn"]
[EventRounds "11"]
[EventCountry "HUN"]
[SourceTitle "EXT 2021"]
[Source "ChessBase"]
[SourceDate "2020.10.23"]
[SourceVersion "1"]
[SourceVersionDate "2020.10.23"]
[SourceQuality "1"]
[WhiteTeam "SENSE"]
[BlackTeam "Sarkany II"]
[WhiteTeamCountry "HUN"]
[BlackTeamCountry "HUN"]

1. d4 Nf6 2. c4 g6 3. Nc3 Bg7 4. Nf3 0-0 5. g3 d6 6. Bg2 c6 7. h3 Qb6 8. 0-0 Na6 9. a3 e5 10. dxe5 dxe5 11. Nxe5 Qc5 12. Bf4 Nh5 13. Nd7 Bxd7 14. Qxd7 Nxf4 15. gxf4 Rab8 16. Qd3 Rfd8 17. Na4 Qd4 18. Rad1 Qxd3 19. Rxd3 Rxd3 20. exd3 b5 21. cxb5 cxb5 22. Nc3 Nc5 23. Rd1 Ne6 24. f5 gxf5 25. Rd2 Nd4 26. Ne2 Bh6 27. f4 Ne6 28. d4 Nxf4 29. Nxf4 Bxf4 30. Rd3 Bc1 31. b4 Rd8 32. Bc6 Rxd4 33. Rxd4 Be3+ 34. Kg2 Bxd4 35. Bxb5 Bb2 36. Bd7 Bxa3 37. b5 f4 38. Kf3 Bc1 39. Bf5 Kg7 40. Bc8 Kf6 41. Bb7 Ke5 42. Be4 h6 43. Bb1 Kd4 44. Bf5 f6 45. Bg6 Kc4 46. Be8 Kc5 47. Bd7 Kd6 48. Bf5 Kc7 49. Bg6 Kb6 50. Bd3 Kc5 51. Be2 Kd4 52. Bf1 Be3 53. Be2 Kc3 54. Bf1 Kd2 55. Be2 Ke1 56. Bc4 Kd2 57. Be2 Ke1 58. Bc4 Kd2 1/2-1/2

[Event "Budapest-chT1 Lilienthal 1314"]
[Site "Budapest"]
[Date "2013.12.15"]
[Round "5"]
[White "Grimm, Daniel"]
[Black "Ress, Tamas"]
[Result "1/2-1/2"]
[WhiteElo "2271"]
[BlackElo "2302"]
[PlyCount "62"]
[EventDate "2013.09.29"]
[EventType "team-tourn"]
[EventRounds "11"]
[EventCountry "HUN"]
[SourceTitle "EXT 2021"]
[Source "ChessBase"]
[SourceDate "2020.10.23"]
[SourceVersion "1"]
[SourceVersionDate "2020.10.23"]
[SourceQuality "1"]
[WhiteTeam "Barcza GSC"]
[BlackTeam "SENSE"]
[WhiteTeamCountry "HUN"]
[BlackTeamCountry "HUN"]

1. e4 c5 2. Nf3 Nc6 3. d4 cxd4 4. Nxd4 Nf6 5. Nc3 e5 6. Ndb5 d6 7. Nd5 Nxd5 8. exd5 Nb8 9. Qf3 Be7 10. Qc3 Na6 11. Be3 0-0 12. Nxa7 f5 13. Bxa6 f4 14. Bd2 Rxa7 15. Bd3 Bf6 16. Be4 Ra4 17. b4 Bd7 18. 0-0 g5 19. Qd3 Qe7 20. c4 g4 21. a3 Qf7 22. Rae1 Qh5 23. Bc1 Bd8 24. h3 Bb6 25. hxg4 Bxg4 26. Bf3 Bxf3 27. Qxf3 Qxf3 28. gxf3 Rf5 29. Kg2 Rg5+ 30. Kh3 Kf7 31. Rg1 Rxg1 1/2-1/2

[Event "Tatabanya Genius Cup 1st"]
[Site "Tatabanya"]
[Date "2013.03.15"]
[Round "3"]
[White "Kovacs, David"]
[Black "Ress, Tamas"]
[Result "1/2-1/2"]
[WhiteElo "2164"]
[BlackElo "2292"]
[PlyCount "46"]
[EventDate "2013.03.14"]
[EventType "swiss"]
[EventRounds "6"]
[EventCountry "HUN"]
[SourceTitle "EXT 2014"]
[Source "ChessBase"]
[SourceDate "2013.11.20"]
[SourceVersion "1"]
[SourceVersionDate "2013.11.20"]
[SourceQuality "1"]

1. e4 d5 2. exd5 Nf6 3. d4 Qxd5 4. Nc3 Qd6 5. Nf3 Bg4 6. h3 Bh5 7. Be2 a6 8. Ne5 Bxe2 9. Nxe2 Nc6 10. Bf4 Qe6 11. c3 0-0-0 12. Qb3 Qxb3 13. axb3 Nxe5 14. Bxe5 Nd5 15. 0-0 f6 16. Bg3 g5 17. Nc1 e6 18. Nd3 Bd6 19. Rae1 Rde8 20. Bxd6 cxd6 21. f4 gxf4 22. Nxf4 Nxf4 23. Rxf4 f5 1/2-1/2

[Event "Budapest-chT1 Lilienthal 1213"]
[Site "Budapest"]
[Date "2012.09.30"]
[Round "1"]
[White "Kis, Bela"]
[Black "Ress, Tamas"]
[Result "0-1"]
[WhiteElo "2130"]
[BlackElo "2288"]
[PlyCount "42"]
[EventDate "2012.09.30"]
[EventType "team-tourn"]
[EventRounds "11"]
[EventCountry "HUN"]
[SourceTitle "EXT 2019"]
[Source "ChessBase"]
[SourceDate "2018.10.10"]
[SourceVersion "1"]
[SourceVersionDate "2018.10.10"]
[SourceQuality "1"]
[WhiteTeam "Budapest Vasas II"]
[BlackTeam "Budapest SENSE"]
[WhiteTeamCountry "HUN"]
[BlackTeamCountry "HUN"]

1. e4 c5 2. d4 cxd4 3. c3 g6 4. Nf3 Bg7 5. Bc4 d5 6. exd5 Nf6 7. cxd4 Nbd7 8. d6 0-0 9. Nc3 exd6 10. 0-0 Nb6 11. Bb3 d5 12. Ne5 Bf5 13. Bf4 Rc8 14. Qf3 Ne4 15. Nxe4 dxe4 16. Qe3 Nd5 17. Bxd5 Qxd5 18. h3 f6 19. Ng4 g5 20. Bxg5 Bxg4 21. hxg4 fxg5 0-1

[Event "Budapest-chT1 Lilienthal 1112"]
[Site "Budapest"]
[Date "2012.03.18"]
[Round "10"]
[White "Ress, Tamas"]
[Black "Rigo, Janos"]
[Result "1/2-1/2"]
[WhiteElo "2310"]
[BlackElo "2319"]
[PlyCount "37"]
[EventDate "2011.10.02"]
[EventType "team-tourn"]
[EventRounds "11"]
[EventCountry "HUN"]
[SourceTitle "EXT 2020"]
[Source "ChessBase"]
[SourceDate "2019.10.17"]
[SourceVersion "1"]
[SourceVersionDate "2019.10.17"]
[SourceQuality "1"]
[WhiteTeam "Hid Unio"]
[BlackTeam "Budapest Honved III"]
[WhiteTeamCountry "HUN"]
[BlackTeamCountry "HUN"]

1. d4 Nf6 2. c4 e6 3. Nf3 b6 4. a3 Ba6 5. e3 c5 6. Nbd2 cxd4 7. Nxd4 Nc6 8. b4 Be7 9. Be2 Ne5 10. Bb2 Qc7 11. Rc1 0-0 12. 0-0 d6 13. Nb5 Bxb5 14. cxb5 Qb7 15. Bxe5 dxe5 16. Rc6 Rad8 17. Qc2 Bd6 18. Ne4 Bb8 19. Nxf6+ 1/2-1/2